[Event "Club 608 Online 1 - Open C (-1200)"]
[Date "2021.04.10"]
[Round "1.7"]
[White "Liu, Oscar"]
[Black "Annie, Vallee"]
[Result "1-0"]
[BlackElo "1033"]
[WhiteElo "1009"]

{White stopped clock for 644 seconds.} 1. e4 {[%clk 0:50:10.0]} d6 {[%clk 0:49:28.3]} 2. d4 {[%clk 0:50:15.3]} Nf6 {[%clk 0:49:29.0]} 3. Nc3 {[%clk 0:50:21.3]} c6 {[%clk 0:49:16.4]} 4. Bc4 {[%clk 0:50:11.2]} e6 {[%clk 0:49:19.6]} 5. Nf3 {[%clk 0:50:06.9]} Be7 {[%clk 0:49:11.8]} 6. 0-0 {[%clk 0:50:14.0]} 0-0 {[%clk 0:49:15.9]} 7. Bf4 {[%clk 0:50:20.6]} Nbd7 {[%clk 0:49:16.4]} 8. Qd2 {[%clk 0:50:27.7]} Nh5 {[%clk 0:49:15.7]} 9. Bg5 {[%clk 0:50:21.2]} d5 {[%clk 0:48:21.8]} 10. exd5 {[%clk 0:49:52.2]} exd5 {[%clk 0:47:10.5]} 11. Bb3 {[%clk 0:49:58.7]} f6 {[%clk 0:46:52.1]} 12. Bf4 {[%clk 0:49:50.4]} Re8 {[%clk 0:46:40.9]} 13. Rfe1 {[%clk 0:49:43.9]} Nf8 {[%clk 0:46:41.1]} 14. Rad1 {[%clk 0:49:49.0]} Ne6 {[%clk 0:46:19.2]} 15. Qe2 {[%clk 0:48:38.0]} Nhxf4 {[%clk 0:46:13.5]} 16. Qe3 {[%clk 0:48:45.0]} b5 {[%clk 0:45:39.6]} 17. Kf1 {[%clk 0:47:51.0]} b4 {[%clk 0:45:36.9]} 18. Nb1 {[%clk 0:47:55.4]} Bd6 {[%clk 0:44:38.1]} 19. Nbd2 {[%clk 0:47:53.8]} Qe7 {[%clk 0:43:22.2]} 20. Ba4 {[%clk 0:47:45.4]} Bd7 {[%clk 0:43:20.9]} 21. Nb3 {[%clk 0:47:32.0]} Qf7 {[%clk 0:43:24.4]} 22. Qd2 {[%clk 0:47:14.8]} Qg6 {[%clk 0:43:28.2]} 23. g3 {[%clk 0:47:18.2]} Nh3 {[%clk 0:43:19.7]} 24. Nc5 {[%clk 0:47:11.7]} Qf5 {[%clk 0:42:38.8]} 25. Nxd7 {[%clk 0:47:10.9]} Qxf3 {[%clk 0:42:17.5]} 26. Nxf6+ {[%clk 0:46:47.0]} Qxf6 {[%clk 0:42:00.5]} 27. Bxc6 {[%clk 0:46:53.4]} Qxf2+ {[%clk 0:39:58.4]} 28. Qxf2 {[%clk 0:46:58.3]} Nxf2 {[%clk 0:39:55.4]} 29. Kxf2 {[%clk 0:47:06.3]} Rf8+ {[%clk 0:40:02.3]} 30. Kg2 {[%clk 0:47:13.0]} Rac8 {[%clk 0:40:05.9]} 31. Bxd5 {[%clk 0:47:19.6]} Rce8 {[%clk 0:39:56.1]} 32. Bxe6+ {[%clk 0:47:26.4]} Kh8 {[%clk 0:39:59.3]} 33. c3 {[%clk 0:47:26.8]} bxc3 {[%clk 0:39:56.4]} 34. bxc3 {[%clk 0:47:34.5]} a5 {[%clk 0:39:32.2]} 35. c4 {[%clk 0:47:41.6]} Bb4 {[%clk 0:39:27.1]} 36. Re2 {[%clk 0:47:43.9]} Bc3 {[%clk 0:39:18.0]} 37. d5 {[%clk 0:47:50.0]} Rf6 {[%clk 0:39:10.0]} 38. c5 {[%clk 0:47:49.7]} h5 {[%clk 0:39:01.3]} 39. c6 {[%clk 0:47:56.8]} Bb4 {[%clk 0:38:50.2]} 40. c7 {[%clk 0:48:00.3]} h4 {[%clk 0:38:03.4]} 41. gxh4 {[%clk 0:48:00.9]} Rg6+ {[%clk 0:38:05.5]} 42. Kh3 {[%clk 0:48:08.4]} Bd6 {[%clk 0:38:09.0]} 43. c8=Q {[%clk 0:48:14.9]} Rxc8 {[%clk 0:38:10.7]} 44. Bxc8 {[%clk 0:48:22.4]} Rf6 {[%clk 0:38:03.2]} 45. Ba6 {[%clk 0:48:18.7]} Rf4 {[%clk 0:37:10.5]} 46. Bd3 {[%clk 0:48:23.3]} Rf3+ {[%clk 0:37:15.1]} 47. Kg2 {[%clk 0:48:29.5]} Rf4 {[%clk 0:37:14.1]} 48. Re8+ {[%clk 0:48:36.4]} Bf8 {[%clk 0:36:22.9]} 49. d6 {[%clk 0:48:39.9]} Rg4+ {[%clk 0:36:25.8]} 50. Kh3 {[%clk 0:48:46.1]} Rd4 {[%clk 0:36:21.8]} 51. Rd8 {[%clk 0:48:49.3]} g6 {[%clk 0:36:22.1]} 52. Rxf8+ {[%clk 0:48:55.9]} Kg7 {[%clk 0:36:22.8]} 53. Rd8 {[%clk 0:49:01.5]} Kf7 {[%clk 0:36:25.9]} 54. Rd7+ {[%clk 0:49:06.3]} Ke6 {[%clk 0:36:32.8]} 55. Ra7 {[%clk 0:49:13.7]} Rxd6 {[%clk 0:36:34.0]} 56. Bf5+ {[%clk 0:49:14.4]} gxf5 {[%clk 0:36:35.5]} 57. Rxa5 {[%clk 0:49:17.7]} Rxd1 {[%clk 0:32:12.7]} 58. h5 {[%clk 0:49:20.5]} Rd2 {[%clk 0:32:15.3]} 59. h6 {[%clk 0:49:21.6]} Kf7 {[%clk 0:32:14.7]} 60. Kh4 {[%clk 0:49:26.0]} Rd4+ {[%clk 0:32:16.8]} 61. Kg5 {[%clk 0:49:33.2]} Rg4+ {[%clk 0:32:07.1]} 62. Kxf5 {[%clk 0:49:33.7]} Rh4 {[%clk 0:32:13.1]} 63. Kg5 {[%clk 0:49:40.0]} Rxh2 {[%clk 0:32:16.0]} 64. Ra7+ {[%clk 0:49:47.7]} Kg8 {[%clk 0:32:21.1]} 65. Kg6 {[%clk 0:49:55.4]} Kh8 {[%clk 0:32:26.2]} 66. Ra8# {[%clk 0:50:00.7]} 1-0

[Event "Club 608 Online 1 - Open C (-1200)"]
[Date "2021.04.10"]
[Round "1.8"]
[White "Axel, Landoeuer"]
[Black "Migus, Benjamin"]
[Result "1-0"]
[BlackElo "1009"]
[WhiteElo "1009"]

{Clock started by White.} 1. e4 {[%clk 0:50:06.0]} e5 {[%clk 0:50:07.3]} 2. Bc4 {[%clk 0:50:12.0]} Nc6 {[%clk 0:50:13.7]} 3. Qh5 {[%clk 0:50:18.2]} Qe7 {[%clk 0:50:16.3]} 4. d3 {[%clk 0:50:22.8]} d6 {[%clk 0:50:20.5]} 5. Bg5 {[%clk 0:50:26.6]} Nf6 {[%clk 0:50:26.0]} 6. Bxf7+ {[%clk 0:50:30.1]} Qxf7 {[%clk 0:50:30.0]} 7. Qxf7+ {[%clk 0:50:35.1]} Kxf7 {[%clk 0:50:35.1]} 8. Bxf6 {[%clk 0:50:41.3]} gxf6 {[%clk 0:50:36.1]} 9. Nf3 {[%clk 0:50:45.0]} Bh6 {[%clk 0:50:39.3]} 10. 0-0 {[%clk 0:50:51.9]} Bg4 {[%clk 0:50:37.2]} 11. Nbd2 {[%clk 0:50:54.7]} Bxf3 {[%clk 0:50:38.4]} 12. Nxf3 {[%clk 0:51:01.6]} Nd4 {[%clk 0:50:38.4]} 13. Nxd4 {[%clk 0:51:07.3]} exd4 {[%clk 0:50:43.1]} 14. c3 {[%clk 0:51:12.0]} dxc3 {[%clk 0:50:47.3]} 15. bxc3 {[%clk 0:51:18.4]} Bd2 {[%clk 0:50:49.8]} 16. a3 {[%clk 0:51:15.4]} Bxc3 {[%clk 0:50:56.8]} 17. Rac1 {[%clk 0:51:21.8]} Bd4 {[%clk 0:51:00.2]} 18. Rc4 {[%clk 0:51:27.7]} Bc5 {[%clk 0:51:04.1]} 19. d4 {[%clk 0:51:26.7]} Bxa3 {[%clk 0:51:07.8]} 20. Rxc7+ {[%clk 0:51:34.4]} Kg6 {[%clk 0:50:58.4]} 21. Rxb7 {[%clk 0:51:40.9]} Kg5 {[%clk 0:50:57.6]} 22. Rb5+ {[%clk 0:51:47.0]} Kf4 {[%clk 0:51:00.9]} 23. Re1 {[%clk 0:51:49.4]} Rhe8 {[%clk 0:50:53.9]} 24. Rf5+ {[%clk 0:51:50.2]} Kg4 {[%clk 0:50:48.3]} 25. h3+ {[%clk 0:51:53.9]} Kh4 {[%clk 0:50:36.4]} 26. Kh2 {[%clk 0:51:59.3]} Bb4 {[%clk 0:50:32.5]} 27. g3# {[%clk 0:52:05.1]} 1-0

[Event "Club 608 Online 1 - Open B (-1600)"]
[Date "2021.04.10"]
[Round "1.9"]
[White "Guillou, Paul"]
[Black "Leclercq, Robin"]
[Result "1-0"]
[BlackElo "1392"]
[WhiteCountry "FRA"]
[WhiteElo "1157"]
[WhiteFideId "551031140"]

1. d4 {[%clk 0:50:10.0]} Nf6 {[%clk 0:50:04.7]} 2. c4 {[%clk 0:50:18.0]} g6 {[%clk 0:50:12.6]} 3. Nc3 {[%clk 0:50:26.2]} Bg7 {[%clk 0:50:19.5]} 4. Bf4 {[%clk 0:50:34.4]} d6 {[%clk 0:50:27.5]} 5. Nf3 {[%clk 0:50:39.9]} Bg4 {[%clk 0:50:35.4]} 6. e3 {[%clk 0:50:46.5]} Nbd7 {[%clk 0:50:41.7]} 7. Be2 {[%clk 0:50:55.0]} 0-0 {[%clk 0:50:49.7]} 8. h3 {[%clk 0:51:02.0]} Bf5 {[%clk 0:50:52.2]} 9. Bd3 {[%clk 0:50:27.5]} Bxd3 {[%clk 0:50:23.4]} 10. Qxd3 {[%clk 0:50:34.2]} Re8 {[%clk 0:50:31.1]} 11. Rd1 {[%clk 0:50:31.9]} e5 {[%clk 0:50:36.6]} 12. dxe5 {[%clk 0:50:39.2]} dxe5 {[%clk 0:50:42.7]} 13. Nxe5 {[%clk 0:50:12.2]} Nxe5 {[%clk 0:50:42.6]} 14. Qxd8 {[%clk 0:50:17.8]} Nf3+ {[%clk 0:50:33.3]} 15. gxf3 {[%clk 0:50:14.0]} Raxd8 {[%clk 0:50:40.8]} 16. Rxd8 {[%clk 0:50:22.2]} Rxd8 {[%clk 0:50:49.0]} 17. Ke2 {[%clk 0:50:30.7]} c6 {[%clk 0:50:53.7]} 18. Bg5 {[%clk 0:49:58.5]} Re8 {[%clk 0:50:37.5]} 19. Bxf6 {[%clk 0:49:20.7]} Bxf6 {[%clk 0:50:44.9]} 20. Rb1 {[%clk 0:49:28.9]} Re5 {[%clk 0:50:45.4]} 21. Ne4 {[%clk 0:48:44.4]} Bg7 {[%clk 0:50:40.6]} 22. Ng3 {[%clk 0:48:28.7]} Ra5 {[%clk 0:50:16.6]} 23. a3 {[%clk 0:48:24.3]} Re5 {[%clk 0:50:12.5]} 24. b4 {[%clk 0:48:05.5]} f5 {[%clk 0:50:12.8]} 25. f4 {[%clk 0:47:50.5]} Re7 {[%clk 0:50:01.8]} 26. Rd1 {[%clk 0:47:49.2]} a6 {[%clk 0:49:52.7]} 27. Rd6 {[%clk 0:47:31.4]} Kf7 {[%clk 0:49:23.9]} 28. Nf1 {[%clk 0:47:23.9]} Bf8 {[%clk 0:49:06.4]} 29. Nd2 {[%clk 0:47:19.6]} Rc7 {[%clk 0:49:00.5]} 30. Rd3 {[%clk 0:47:20.5]} c5 {[%clk 0:48:55.5]} 31. b5 {[%clk 0:47:06.4]} axb5 {[%clk 0:48:50.2]} 32. cxb5 {[%clk 0:47:13.6]} b6 {[%clk 0:48:58.4]} 33. Nf3 {[%clk 0:46:50.7]} Ra7 {[%clk 0:48:48.9]} 34. Ne5+ {[%clk 0:46:53.7]} Kg7 {[%clk 0:48:47.3]} 35. Rd7+ {[%clk 0:46:51.4]} Rxd7 {[%clk 0:48:49.6]} 36. Nxd7 {[%clk 0:46:59.9]} Bd6 {[%clk 0:48:57.6]} 37. Nxb6 {[%clk 0:47:07.1]} Kh6 {[%clk 0:49:01.4]} 38. Nc4 {[%clk 0:47:14.5]} Bc7 {[%clk 0:49:08.2]} 39. a4 {[%clk 0:47:16.8]} Kg7 {[%clk 0:49:07.5]} 40. a5 {[%clk 0:47:21.8]} Kf7 {[%clk 0:49:03.4]} 41. b6 {[%clk 0:47:30.2]} Bb8 {[%clk 0:49:11.0]} 42. a6 {[%clk 0:47:38.5]} Ke7 {[%clk 0:49:17.2]} 43. a7 {[%clk 0:47:47.1]} Bxa7 {[%clk 0:49:26.1]} 44. bxa7 {[%clk 0:47:55.5]} Ke6 {[%clk 0:49:32.5]} 45. a8=Q {[%clk 0:48:03.1]} h6 {[%clk 0:49:38.1]} 46. Qc6+ {[%clk 0:48:11.2]} Kf7 {[%clk 0:49:45.8]} 47. Ne5+ {[%clk 0:48:18.8]} Ke7 {[%clk 0:49:53.7]} 48. Qd7+ {[%clk 0:48:27.2]} Kf6 {[%clk 0:50:01.2]} 49. Qf7# {[%clk 0:48:35.2]} 1-0

[Event "Club 608 Online 1 - Open C (-1200)"]
[Date "2021.04.10"]
[Round "1.9"]
[White "Pinçon, Lili"]
[Black "Béranger, Louise"]
[Result "0-1"]
[BlackElo "1009"]
[WhiteElo "1009"]

1. Nc3 {[%clk 0:50:10.0]} e5 {[%clk 0:50:05.9]} 2. Nf3 {[%clk 0:50:11.0]} Nc6 {[%clk 0:50:06.5]} 3. e4 {[%clk 0:50:15.0]} Nf6 {[%clk 0:50:04.6]} 4. Bc4 {[%clk 0:50:15.6]} Bc5 {[%clk 0:49:57.8]} 5. 0-0 {[%clk 0:50:19.0]} 0-0 {[%clk 0:50:05.0]} 6. d3 {[%clk 0:50:19.1]} d6 {[%clk 0:50:11.2]} 7. Bg5 {[%clk 0:50:23.0]} h6 {[%clk 0:50:16.8]} 8. Bh4 {[%clk 0:50:29.1]} g5 {[%clk 0:50:14.1]} 9. Bg3 {[%clk 0:50:35.6]} Bg4 {[%clk 0:50:13.0]} 10. Qd2 {[%clk 0:50:36.9]} Na5 {[%clk 0:49:33.9]} 11. Bd5 {[%clk 0:49:00.2]} Qd7 {[%clk 0:49:27.2]} 12. Rfd1 {[%clk 0:48:45.2]} c6 {[%clk 0:49:30.9]} 13. d4 {[%clk 0:48:48.4]} Bb6 {[%clk 0:49:31.2]} 14. dxe5 {[%clk 0:48:50.8]} Nh5 {[%clk 0:49:33.5]} 15. exd6 {[%clk 0:48:55.2]} cxd5 {[%clk 0:49:36.7]} 16. e5 {[%clk 0:49:00.3]} Nxg3 {[%clk 0:49:16.5]} 17. Nxd5 {[%clk 0:48:57.0]} Bc5 {[%clk 0:49:13.7]} 18. Qe1 {[%clk 0:48:57.3]} Nf5 {[%clk 0:49:10.7]} 19. Rd3 {[%clk 0:48:58.0]} Bxf3 {[%clk 0:48:58.8]} 20. g3 {[%clk 0:48:47.4]} Bxd5 {[%clk 0:49:02.9]} 21. Rxd5 {[%clk 0:48:46.2]} Bb4 {[%clk 0:48:58.8]} 22. Rad1 {[%clk 0:48:42.1]} Bxe1 {[%clk 0:49:03.2]} 23. Rxe1 {[%clk 0:48:49.3]} b6 {[%clk 0:49:08.9]} 24. f4 {[%clk 0:48:56.4]} gxf4 {[%clk 0:49:10.0]} 25. gxf4 {[%clk 0:49:02.6]} Qc6 {[%clk 0:49:14.5]} 26. Rd4 {[%clk 0:49:06.9]} Nxd4 {[%clk 0:49:17.9]} 27. Re3 {[%clk 0:49:09.6]} Nc4 {[%clk 0:49:18.2]} 28. Rg3+ {[%clk 0:49:01.4]} Kh8 {[%clk 0:49:18.1]} 29. f5 {[%clk 0:48:58.5]} Nxb2 {[%clk 0:49:19.4]} 30. e6 {[%clk 0:49:03.5]} fxe6 {[%clk 0:49:24.6]} 31. fxe6 {[%clk 0:49:09.1]} Nd1 {[%clk 0:49:29.9]} 32. e7 {[%clk 0:49:15.0]} Rf6 {[%clk 0:49:31.4]} 33. d7 {[%clk 0:49:20.2]} Qxd7 {[%clk 0:49:37.5]} 34. e8=Q+ {[%clk 0:49:23.0]} Rxe8 {[%clk 0:49:39.2]} 35. a4 {[%clk 0:49:28.6]} Qc6 {[%clk 0:49:37.8]} 36. a5 {[%clk 0:49:35.1]} Re1# {[%clk 0:49:43.4]} 0-1

[Event "Club 608 Online 1 - Open C (-1200)"]
[Date "2021.04.10"]
[Round "1.10"]
[White "Béranger, Théodore"]
[Black "Pinçon, Pierrot"]
[Result "1-0"]
[BlackElo "1009"]
[WhiteElo "1009"]

{Clock started by White.} 1. e4 {[%clk 0:50:08.0]} e5 {[%clk 0:47:41.7]} 2. f4 {[%clk 0:50:12.2]} exf4 {[%clk 0:47:44.5]} 3. Nf3 {[%clk 0:50:18.2]} Qe7 {[%clk 0:47:49.0]} 4. Nc3 {[%clk 0:50:24.0]} Qc5 {[%clk 0:47:35.6]} 5. d4 {[%clk 0:50:29.5]} Qh5 {[%clk 0:47:28.6]} 6. Be2 {[%clk 0:50:32.9]} Qg4 {[%clk 0:47:25.6]} 7. 0-0 {[%clk 0:50:17.8]} Bd6 {[%clk 0:47:19.4]} 8. Ne5 {[%clk 0:50:17.5]} Bxe5 {[%clk 0:47:23.5]} 9. Bxg4 {[%clk 0:50:23.8]} Bf6 {[%clk 0:47:30.7]} 10. e5 {[%clk 0:50:28.2]} Bg5 {[%clk 0:47:34.5]} 11. Bxf4 {[%clk 0:50:35.6]} Bxf4 {[%clk 0:47:42.1]} 12. Rxf4 {[%clk 0:50:42.8]} Nh6 {[%clk 0:47:48.8]} 13. Qf1 {[%clk 0:50:47.7]} 0-0 {[%clk 0:47:47.2]} 14. Qd3 {[%clk 0:50:51.8]} d6 {[%clk 0:47:49.6]} 15. Bxc8 {[%clk 0:50:44.8]} Rxc8 {[%clk 0:47:37.4]} 16. exd6 {[%clk 0:50:47.3]} cxd6 {[%clk 0:47:43.3]} 17. Re4 {[%clk 0:50:46.5]} Nc6 {[%clk 0:47:47.2]} 18. d5 {[%clk 0:50:48.2]} Na5 {[%clk 0:47:53.7]} 19. b4 {[%clk 0:50:54.5]} Re8 {[%clk 0:47:51.1]} 20. Rxe8+ {[%clk 0:51:00.7]} Rxe8 {[%clk 0:47:56.9]} 21. bxa5 {[%clk 0:51:07.5]} b6 {[%clk 0:48:04.3]} 22. Qb5 {[%clk 0:51:07.7]} bxa5 {[%clk 0:48:11.0]} 23. Qxe8# {[%clk 0:51:12.4]} 1-0

[Event "Club 608 Online 1 - Open C (-1200)"]
[Date "2021.04.10"]
[Round "1.11"]
[White "Vadim, Du Roscoat"]
[Black "Campan, Antoine"]
[Result "0-1"]
[BlackElo "1009"]
[WhiteElo "1009"]

1. e4 {[%clk 0:50:10.0]} c5 {[%clk 0:50:00.6]} 2. Nf3 {[%clk 0:50:13.5]} Nc6 {[%clk 0:50:05.3]} 3. Bc4 {[%clk 0:50:17.0]} d6 {[%clk 0:49:58.0]} 4. Ng5 {[%clk 0:50:11.8]} e6 {[%clk 0:49:32.4]} 5. Qh5 {[%clk 0:49:55.9]} g6 {[%clk 0:48:52.8]} 6. Qf3 {[%clk 0:49:57.7]} Ne5 {[%clk 0:48:53.0]} 7. Qf4 {[%clk 0:49:58.3]} h6 {[%clk 0:48:37.7]} 8. Nf3 {[%clk 0:49:34.5]} Nxc4 {[%clk 0:48:35.5]} 9. Kd1 {[%clk 0:48:55.2]} e5 {[%clk 0:48:10.1]} 10. Qh4 {[%clk 0:48:20.6]} Be7 {[%clk 0:47:23.2]} 11. Qg3 {[%clk 0:48:07.0]} Nf6 {[%clk 0:46:59.9]} 12. d3 {[%clk 0:48:00.7]} Nh5 {[%clk 0:46:54.7]} 13. Qxg6 {[%clk 0:47:33.7]} fxg6 {[%clk 0:46:59.8]} 14. Nc3 {[%clk 0:47:21.3]} Nb6 {[%clk 0:46:33.7]} 15. h3 {[%clk 0:47:14.6]} Bf6 {[%clk 0:45:41.1]} 16. g4 {[%clk 0:47:12.8]} Ng7 {[%clk 0:45:35.6]} 17. Be3 {[%clk 0:47:12.4]} Bg5 {[%clk 0:45:26.5]} 18. Bxg5 {[%clk 0:47:08.8]} hxg5 {[%clk 0:45:31.5]} 19. Rh2 {[%clk 0:46:46.7]} Qf6 {[%clk 0:45:31.6]} 20. Ke2 {[%clk 0:46:37.6]} Bxg4 {[%clk 0:45:29.1]} 21. hxg4 {[%clk 0:46:33.9]} Rxh2 {[%clk 0:45:29.7]} 22. Nxh2 {[%clk 0:46:40.9]} 0-0-0 {[%clk 0:45:29.8]} 23. Nf1 {[%clk 0:46:40.8]} Rf8 {[%clk 0:45:34.9]} 24. Nd1 {[%clk 0:46:26.5]} Qf4 {[%clk 0:45:26.9]} 25. Ng3 {[%clk 0:46:02.3]} Qxg4+ {[%clk 0:45:25.3]} 26. Kf1 {[%clk 0:45:37.2]} Qxg3 {[%clk 0:45:22.5]} 27. b3 {[%clk 0:45:33.0]} Nh5 {[%clk 0:45:12.3]} 28. Ke1 {[%clk 0:45:36.0]} Qg1+ {[%clk 0:45:13.8]} 29. Ke2 {[%clk 0:45:39.1]} Nf4+ {[%clk 0:45:09.1]} 30. Ke3 {[%clk 0:45:46.6]} Qe1+ {[%clk 0:44:45.2]} 31. Kf3 {[%clk 0:45:46.0]} Qe2+ {[%clk 0:44:41.9]} 32. Kg3 {[%clk 0:45:40.9]} Rh8 {[%clk 0:44:29.7]} 33. Ne3 {[%clk 0:44:57.4]} Rh3# {[%clk 0:44:21.7]} 0-1

[Event "Club 608 Online 1 - Open C (-1200)"]
[Date "2021.04.10"]
[Round "1.12"]
[White "Coffin, Mathis"]
[Black "Ulysse, Leroux"]
[Result "0-1"]
[BlackElo "1009"]
[WhiteElo "1009"]

1. e4 {[%clk 0:50:10.0]} e5 {[%clk 0:50:05.1]} 2. Bc4 {[%clk 0:50:10.9]} Nf6 {[%clk 0:50:11.8]} 3. Nc3 {[%clk 0:50:13.7]} Bc5 {[%clk 0:50:14.7]} 4. Nf3 {[%clk 0:50:16.6]} Nc6 {[%clk 0:50:20.9]} 5. Ng5 {[%clk 0:50:21.3]} 0-0 {[%clk 0:49:50.0]} 6. Nxf7 {[%clk 0:50:26.3]} Rxf7 {[%clk 0:49:52.5]} 7. Bxf7+ {[%clk 0:50:31.3]} Kxf7 {[%clk 0:50:00.0]} 8. Qf3 {[%clk 0:50:32.6]} Kg8 {[%clk 0:50:01.1]} 9. d3 {[%clk 0:50:36.5]} d6 {[%clk 0:50:03.4]} 10. Bg5 {[%clk 0:50:38.9]} Bg4 {[%clk 0:49:54.7]} 11. Qg3 {[%clk 0:50:30.5]} Be6 {[%clk 0:48:13.9]} 12. Nd5 {[%clk 0:50:24.6]} Bxd5 {[%clk 0:48:11.7]} 13. exd5 {[%clk 0:50:27.0]} Nd4 {[%clk 0:47:56.6]} 14. 0-0-0 {[%clk 0:50:19.7]} Qf8 {[%clk 0:47:55.6]} 15. Bxf6 {[%clk 0:50:21.6]} Qxf6 {[%clk 0:48:00.2]} 16. c3 {[%clk 0:50:14.6]} Qh6+ {[%clk 0:47:52.5]} 17. Rd2 {[%clk 0:50:14.7]} Ne2+ {[%clk 0:47:50.0]} 18. Kd1 {[%clk 0:50:11.4]} Nxg3 {[%clk 0:47:55.0]} 19. fxg3 {[%clk 0:50:17.8]} Be3 {[%clk 0:47:56.9]} 20. Re2 {[%clk 0:50:21.9]} Rf8 {[%clk 0:47:56.6]} 21. Rhe1 {[%clk 0:50:19.7]} Bf2 {[%clk 0:47:58.2]} 22. Rf1 {[%clk 0:50:21.6]} Be3 {[%clk 0:47:49.8]} 23. Rxf8+ {[%clk 0:50:25.5]} Kxf8 {[%clk 0:47:55.8]} 24. h4 {[%clk 0:50:23.1]} Bc5 {[%clk 0:47:28.1]} 25. Rd2 {[%clk 0:50:26.3]} Qf6 {[%clk 0:47:26.5]} 26. d4 {[%clk 0:50:24.0]} Qf1+ {[%clk 0:47:30.1]} 27. Kc2 {[%clk 0:50:26.6]} Qf5+ {[%clk 0:47:13.1]} 28. Rd3 {[%clk 0:50:26.7]} Bb6 {[%clk 0:47:03.2]} 29. dxe5 {[%clk 0:50:32.9]} Bf2 {[%clk 0:47:03.5]} 30. Kd2 {[%clk 0:50:33.4]} Be1+ {[%clk 0:46:49.3]} 31. Ke3 {[%clk 0:50:36.5]} Qf2+ {[%clk 0:46:53.1]} 32. Ke4 {[%clk 0:50:39.3]} c5 {[%clk 0:46:51.0]} 33. Rf3+ {[%clk 0:50:45.4]} Qxf3+ {[%clk 0:45:59.7]} 34. gxf3 {[%clk 0:50:50.7]} Bxg3 {[%clk 0:46:05.2]} 35. e6 {[%clk 0:50:53.9]} Bxh4 {[%clk 0:46:09.1]} 36. f4 {[%clk 0:50:57.0]} Be7 {[%clk 0:46:14.4]} 37. f5 {[%clk 0:51:03.7]} Bf6 {[%clk 0:46:16.8]} 38. b4 {[%clk 0:51:09.2]} h5 {[%clk 0:46:21.8]} 39. bxc5 {[%clk 0:51:14.2]} dxc5 {[%clk 0:46:23.8]} 40. d6 {[%clk 0:51:20.0]} h4 {[%clk 0:46:29.0]} 41. d7 {[%clk 0:51:26.7]} h3 {[%clk 0:46:29.8]} 42. d8=Q+ {[%clk 0:51:27.8]} Bxd8 {[%clk 0:46:36.1]} 43. Kf4 {[%clk 0:51:35.2]} h2 {[%clk 0:46:42.7]} 44. Kg3 {[%clk 0:51:36.9]} h1=Q {[%clk 0:46:47.6]} 45. Kf4 {[%clk 0:51:41.9]} Qh4+ {[%clk 0:46:49.5]} 46. Ke5 {[%clk 0:51:47.8]} Bf6+ {[%clk 0:46:50.5]} 47. Kd6 {[%clk 0:51:52.4]} Be7+ {[%clk 0:46:51.1]} 48. Kd7 {[%clk 0:51:58.8]} Qf4 {[%clk 0:46:35.4]} 49. Kc8 {[%clk 0:51:54.7]} Qxf5 {[%clk 0:46:30.8]} 50. Kd7 {[%clk 0:52:00.1]} g5 {[%clk 0:46:34.9]} 51. Kc7 {[%clk 0:52:04.1]} Qxe6 {[%clk 0:46:40.3]} 52. Kxb7 {[%clk 0:52:10.8]} Qb6+ {[%clk 0:46:42.0]} 53. Kc8 {[%clk 0:52:16.6]} g4 {[%clk 0:46:44.7]} 54. Kd7 {[%clk 0:52:22.3] White offered a draw.} g3 {[%clk 0:46:39.9]} 55. c4 {[%clk 0:52:20.2]} g2 {[%clk 0:46:45.4]} 56. a3 {[%clk 0:52:26.7]} g1=Q {[%clk 0:46:50.1]} 57. a4 {[%clk 0:52:33.0]} Qg4# {[%clk 0:46:55.5]} 0-1

[Event "Club 608 Online 1 - Open B (-1600)"]
[Date "2021.04.10"]
[Round "1.14"]
[White "Lamorelle, Alexey"]
[Black "Migus, Ethan"]
[Result "1-0"]
[BlackElo "1102"]
[BlackFideId "551047954"]
[WhiteCountry "FRA"]
[WhiteElo "1305"]
[WhiteFideId "651009838"]

{Clock started by Black. White stopped clock for 442 seconds. Arbiter adjusted W@0:50:00.0 and B@0:50:00.0. White stopped clock for 152 seconds.} 1. e4 {[%clk 0:49:47.5]} d5 {[%clk 0:50:07.4]} 2. exd5 {[%clk 0:49:32.8]} Nf6 {[%clk 0:50:14.9]} 3. Nc3 {[%clk 0:49:31.7]} Nxd5 {[%clk 0:50:15.0]} 4. Nf3 {[%clk 0:48:54.3]} Bf5 {[%clk 0:47:57.3]} 5. Bc4 {[%clk 0:48:39.1]} e6 {[%clk 0:47:46.7]} 6. 0-0 {[%clk 0:48:21.3]} c6 {[%clk 0:46:46.6]} 7. Nxd5 {[%clk 0:47:53.3]} exd5 {[%clk 0:46:33.2]} 8. Re1+ {[%clk 0:47:16.1]} Be7 {[%clk 0:46:34.5]} 9. Bb3 {[%clk 0:46:53.3]} 0-0 {[%clk 0:46:40.1]} 10. d4 {[%clk 0:46:29.7]} a5 {[%clk 0:46:34.3]} 11. a4 {[%clk 0:45:48.7]} Bd6 {[%clk 0:46:32.5]} 12. Bg5 {[%clk 0:44:26.4]} Qc7 {[%clk 0:46:26.6]} 13. Ne5 {[%clk 0:41:43.9]} f6 {[%clk 0:43:19.7]} 14. Bxf6 {[%clk 0:40:53.8]} Rxf6 {[%clk 0:43:11.0]} 15. Qh5 {[%clk 0:39:56.1]} Bxe5 {[%clk 0:25:18.0]} 16. Rxe5 {[%clk 0:39:34.7]} Bg6 {[%clk 0:25:18.3]} 17. Qe2 {[%clk 0:38:33.8]} Rf8 {[%clk 0:17:38.4]} 18. Re7 {[%clk 0:38:16.7]} Qb6 {[%clk 0:16:05.5]} 19. Qe6+ {[%clk 0:37:32.5]} Bf7 {[%clk 0:15:03.8]} 20. Qg4 {[%clk 0:36:55.5]} Na6 {[%clk 0:14:17.8]} 21. Rae1 {[%clk 0:36:43.0]} Rae8 {[%clk 0:10:01.4]} 22. Rxe8 {[%clk 0:35:14.2]} Rxe8 {[%clk 0:09:50.9]} 23. Rxe8+ {[%clk 0:35:17.5]} Bxe8 {[%clk 0:09:56.9]} 24. Qe6+ {[%clk 0:35:19.0]} Kf8 {[%clk 0:09:57.1]} 25. Qd6+ {[%clk 0:35:15.2]} Kf7 {[%clk 0:09:56.3]} 26. Bxd5+ {[%clk 0:35:11.2]} cxd5 {[%clk 0:09:10.8]} 27. Qxb6 {[%clk 0:35:11.1]} Bc6 {[%clk 0:09:08.5]} 28. Qb3 {[%clk 0:34:36.0]} Kf6 {[%clk 0:09:07.9]} 29. Qe3 {[%clk 0:34:30.4]} Nb4 {[%clk 0:08:44.0]} 30. Qe5+ {[%clk 0:33:59.6]} Kf7 {[%clk 0:08:49.3]} 31. Qc7+ {[%clk 0:33:51.1]} Kf6 {[%clk 0:08:55.2]} 32. Qxa5 {[%clk 0:33:45.4]} Nxc2 {[%clk 0:09:00.1]} 33. Qc3 {[%clk 0:33:24.4]} Na1 {[%clk 0:08:26.3]} 34. b4 {[%clk 0:33:09.2]} Bxa4 {[%clk 0:08:29.2]} 35. Qxa1 {[%clk 0:33:15.1]} Bc6 {[%clk 0:08:37.6]} 36. Qa8 {[%clk 0:32:53.3]} Kf5 {[%clk 0:08:41.4]} 37. Qf8+ {[%clk 0:32:36.0]} Kg6 {[%clk 0:08:44.7] Black offered a draw.} 38. Qf4 {[%clk 0:32:12.2]} h5 {[%clk 0:08:33.2]} 39. h4 {[%clk 0:32:04.5]} Kh7 {[%clk 0:08:30.6]} 40. Qf5+ {[%clk 0:31:51.2]} g6 {[%clk 0:08:34.6] Black offered a draw.} 41. Qf7+ {[%clk 0:31:46.9]} Kh6 {[%clk 0:08:35.1]} 42. f4 {[%clk 0:31:44.9]} b5 {[%clk 0:08:16.9]} 43. f5 {[%clk 0:31:26.1]} gxf5 {[%clk 0:08:18.0]} 44. Qf6+ {[%clk 0:31:11.6]} Kh7 {[%clk 0:08:24.7]} 45. Qxc6 {[%clk 0:31:13.8]} f4 {[%clk 0:08:33.7]} 46. Kf2 {[%clk 0:31:11.8]} f3 {[%clk 0:08:41.4]} 47. Kxf3 {[%clk 0:31:06.6]} Kg7 {[%clk 0:08:47.4]} 48. Kf4 {[%clk 0:31:09.4]} Kf7 {[%clk 0:08:56.0]} 49. Ke5 {[%clk 0:31:07.1]} Kg7 {[%clk 0:09:04.0]} 50. Kf5 {[%clk 0:31:05.3]} Kh7 {[%clk 0:09:10.0]} 51. Kg5 {[%clk 0:31:09.4]} Kg7 {[%clk 0:09:05.5]} 52. Qc7+ {[%clk 0:31:06.5]} Kh8 {[%clk 0:09:04.0]} 53. Kf6 {[%clk 0:30:56.4]} Kg8 {[%clk 0:09:03.5]} 54. Qg7# {[%clk 0:31:00.8]} 1-0